[Event "Rubinstein Memorial 35th"]
[Site "Polanica Zdroj"]
[Date "1998.08.17"]
[Round "1"]
[White "Ivanchuk, Vassily"]
[Black "Shirov, Alexei"]
[Result "1-0"]
[WhiteElo "2730"]
[BlackElo "2720"]
[Annotator "Ribli,Z"]
[PlyCount "105"]
[EventDate "1998.08.17"]
[EventType "tourn"]
[EventRounds "11"]
[EventCountry "POL"]
[EventCategory "17"]
[SourceTitle "CBM 067"]
[Source "ChessBase"]
[SourceDate "1998.11.30"]
[SourceVersion "2"]
[SourceVersionDate "1998.11.01"]
[SourceQuality "1"]

{[%mdl 4112]} 1. Nf3 {Hecht. Ftacnik} Nf6 2. c4 g6 3. Nc3 d5 4. Qa4+ {Das ist
der sogenannte Anti-Grünfeldindische Aufbau. Während 4.Nf3 zu den
Grünfeld-Hauptvarianten führt, möchte Weiß mit diesem Schachgebot die
natürliche schwarze Entwicklung stören. Ribli.} Bd7 5. Qb3 dxc4 6. Qxc4 Bg7 7.
e4 O-O {Weiß hat Übergewicht im Zentrum, aber dem Schwarzen bieten sich später
Sprengungsmöglichkeiten.} (7... Bc6 {Ftacnik} 8. Be2 O-O 9. d3 Nbd7 (9... b6
10. Bf4 Nh5 11. Be3 e5 12. g3 Bb7 13. b4 c6 14. O-O Nd7 15. Rfd1 Qe7 16. a4
Rac8 17. Qb3 c5 18. b5 Kh8 19. Nd2 Nhf6 20. a5 Rb8 21. axb6 axb6 22. Nc4 {
Tratar,M-Krupkova,P/Mitropa Cup17th/1997/1-0 (64)}) 10. e5 Nh5 11. d4 Nb6 12.
Qc5 Qd7 13. O-O Rad8 14. Be3 f5 15. Rac1 e6 16. Rfd1 f4 17. Bd2 Rf5 18. Bb5 Bf8
19. Bxc6 bxc6 20. Qa5 Nc4 21. Qa6 Nxb2 22. Rf1 c5 23. Rb1 cxd4 24. Ne4 {
Boersma,P-Peelen,P/OHRA-B/1986/1/2-1/2 (58)}) (7... Nc6 {Ftacnik} 8. e5 Be6 9.
exf6 Bxc4 10. fxg7 Rg8 11. Bxc4 Nd4 12. Nxd4 Qxd4 13. d3 Qxg7 14. O-O O-O-O 15.
Re1 Kb8 16. Bf4 Rge8 17. Re5 Rd4 18. Bg3 f5 19. Rae1 f4 20. Bh4 g5 21. Bxg5 f3
22. g3 {1-0 Savchenko,S-Mirumian,V/Anibal op/1998/ (37)}) 8. e5 (8. d4 Bg4 {
Das wäre eine Grünfeld-Indische Standardstellung.}) 8... Ng4 (8... Ne8 9. d4 c6
(9... Nc6 10. Be2 Na5 (10... a5 11. O-O Nb4 12. d5 b5 13. Nxb5 Bxb5 14. Qxb5
Qxd5 15. Rd1 Qxb5 16. Bxb5 Nc2 17. Rb1 Rb8 18. Bd3 Nb4 19. Bc4 {1-0 Boersma,
P-Lont,A/Groningen 1988 (45)} (19. Bc4 {Ftacnik} a4 20. Be3 Nc6 21. Rd5 a3 22.
Bb3 {Boersma,P-Lont,A/Groningen op/1988/1-0 (45)})) 11. Qb4 Nc6 12. Qc4 Na5 13.
Qd5 b6 14. Bg5 c6 15. Qe4 f6 16. Be3 Bf5 17. Qh4 Be6 18. Rd1 Nc4 19. Bc1 b5 20.
O-O Nc7 21. Ne4 Nb6 22. b3 {Ftacnik: '1/2-1/2 Adamski,J-Huth,M/Wuerzburg op/
1992/ (41)' 1/2-1/2 Adamski,J-Huth,M/Wuerzburg 1992(42)}) 10. h4 (10. Be2 Nc7
11. h4 Bg4 12. Ng5 Bxe2 13. Kxe2 c5 14. dxc5 Nc6 15. f4 Qd4 16. Qxd4 Nxd4+ 17.
Kf2 f6 18. exf6 exf6 19. Nf3 Nc2 20. Rb1 Na6 21. Ne1 Nxe1 22. Rxe1 Nxc5 {
1/2-1/2 Birjukov,O-Yandemirov,V/Petrov mem 1998 (27)} (22... Nxc5 23. Rd1 f5
24. Be3 Rac8 25. Bd4 Bxd4+ 26. Rxd4 Ne6 27. Rd7 Nc5 {1/2-1/2 Biriukov,
O-Yandemirov,V/Petrov mem/1998/})) 10... h5 11. Qb3 Qb6 12. Qa3 Na6 13. Bxa6
bxa6 14. Be3 Nc7 15. Qxe7 Bg4 16. Ng5 Ne6 17. Nxe6 Bxe6 18. O-O Qxb2 19. Ne4
Bxa2 20. Nf6+ Kh8 21. Rac1 $16 {Ftacnik: '1-0 Tratar,M-Moor,R/Mitropa Cup17th/
1997/ (29)' 1-0 Tratar,M-Moor,R/Mitropa Cup, Montecatini Terme 1997 (30)}) (
8... Be6 9. Qh4 Nd5 10. Ng5 (10. Be2 c5 11. Ne4 Nd7 12. Neg5 h6 13. Nxe6 fxe6
14. d4 cxd4 15. O-O Nxe5 16. Nxe5 Bxe5 17. Bxh6 Bg7 18. Bd3 Qe8 19. Bxg7 Kxg7
20. Qxd4+ $14 {1/2-1/2 Boersma,P-Peek,M/Groningen 1988 (41)} (20. Qxd4+ Rf6 21.
Be4 Qb5 22. g3 b6 23. Rad1 Rd8 24. Qe5 {1/2-1/2 Boersma,P-Peek,M/Groningen op/
1988/ (41)})) 10... h6 11. Nxe6 fxe6 12. Qe4 Nxc3 13. dxc3 Qd5 14. Qxg6 Qxe5+
15. Be3 Nc6 16. Bd3 $16 {1-0 Adamski,J-Vujic,B/Valjevo 1984 (41)} (16. Bd3 {
Ftacnik} Qf6 17. Qh7+ Kf7 18. O-O Rad8 19. f4 Rd6 20. Rae1 {1-0 Adamski,
J-Vujic,B/Valjevo/1984/ (41)})) 9. d4 {[#]} Nc6 $146 (9... Be6 10. d5 Bf5 11.
Bf4 Nd7 12. Qe2 f6 13. e6 Nde5 (13... Nc5 {Ftacnik} 14. Qc4 b6 15. Nd4 Ne5 16.
Bxe5 fxe5 17. Nc6 Qe8 18. b4 Nb7 19. Nb5 Rc8 20. Nbxa7 Ra8 21. Nb5 Rc8 22. Rc1
Nd6 23. Nxd6 cxd6 24. Be2 {1-0 Drogoon,A-Vorobiov,E/RUS-Cup02/1998 (30)}) 14.
Bxe5 fxe5 15. h3 Nf6 16. Rd1 e4 17. Ne5 c6 18. dxc6 Qc7 19. cxb7 Rad8 20. Nd7
Nxd7 21. exd7 Qxb7 22. Qb5 Rxd7 {Ftacnik: '0-1 Goldin,A-Mikhalevski,V/Rishon
le Zion op/1998/ (29)' 0-1 Goldin,A-Mikhalevski,V/Rishon le Zion 1997 (30)}) (
9... c6 $5) 10. Bf4 {Ftacnik: 'White is behind with a development, but his
center is strong and the knight on g4 quite shaky.'} Na5 (10... a5 $5 {Ftacnik}
11. h3 Nb4 12. Rc1 Nh6 13. d5 c6 $132) 11. Qe2 $1 $14 {Ein sehr starker Zug.
Es sei angemerkt, daß Ivanchuk nach diesem Zug nur noch 30 Minuten Bedenkzeit
hatte.} c5 (11... Be6 12. h3 Nh6 (12... Bc4 13. Qd2 Bxf1 14. Rxf1 $18 {[%csl
Rg4]}) 13. Qd2 {[%cal Rd2h6]} Nf5 14. d5 Bd7 15. b4 $18 {[%csl Ra5]}) 12. h3 (
12. d5 $5 {Ftacnik} Rc8 (12... Qb6 13. h3 Nh6 14. d6 exd6 15. Nd5 Qd8 16. Bg5
$18) (12... b5 13. h3 Nh6 14. Nxb5 (14. Qd2 Nf5 15. Bxb5 Bxb5 16. Nxb5 Nc4 17.
Qe2 Qa5+ 18. Nc3 Qb4 $14) 14... Rb8 15. Nc3 Rb4 16. Qd2 Nf5 17. Bd3 $16) 13. h3
Nh6 14. O-O-O Nf5 $14) 12... cxd4 (12... Nh6 13. dxc5 (13. d5 {Ftacnik})) 13.
Nxd4 Nh6 14. Rd1 {[%csl Ra5,Rh6][%cal Gd1d8] Weiß hat Raumvorteil im Zentrum
und beide schwarzen Springer stehen schlecht, aber Weiß muß noch seine
Entwicklung beenden.} Qb6 (14... Qc8 {Ftacnik} 15. Nd5 (15. Bg5 f6 16. Bxh6
Bxh6 17. e6 Bc6 $15) 15... Qc5 16. b4 $1 (16. Qe4 Bc6 17. Nxc6 bxc6 18. Nb4 f5
$1) (16. Nb5 Nf5 17. Nbc7 Nd4 $13) 16... Qxd5 17. Nf5 Qxd1+ (17... Qe6 18.
Nxh6+ Bxh6 19. Bxh6 Nc6 20. Bxf8 Rxf8 21. b5 $16) 18. Qxd1 Bxf5 19. bxa5 $16)
15. Qd2 {[%csl Rh6][%cal Rd2h6] '!' Ftacnik.} (15. Nd5 $6 Qc5 $13) 15... Nf5
16. Nxf5 Bxf5 17. Nd5 {[%csl Gd5][%cal Rd5b6,Rd5e7]} Qd8 18. Qb4 $1 {[%csl Gb4,
Re7,Rg8] Weiß gewinnt einen Bauern.} (18. Nxe7+ $2 {Ftacnik} Qxe7 19. Qxa5 Rfe8
$11) 18... Kh8 (18... Nc6 19. Qxb7 (19. Qxb7 {Ftacnik} Rc8 20. Bb5 $18)) (18...
Re8 $2 19. Nf6+ $18 {[%cal Rd1d8]}) 19. Nxe7 Qb6 (19... Bd7 $2 20. Bb5 $18 {
[%csl Rd7][%cal Rd1d7]}) 20. Qxb6 axb6 21. Nxf5 gxf5 22. Bb5 {[%csl Gb5] '!'
Ftacnik. Weiß hat einen Bauern mehr und in der schwarzen Stellung sind zwei
Doppelbauern verblieben. Trotzdem hat der Nachziehende dank seines aktiven
Läufers g7 und des schwachen weißen Bauern e5 einige Rettungschancen.} (22. a3
{Ftacnik} Nc6 23. Rd7 Nxe5 24. Rxb7 Ng6 25. Bc1 Rfe8+ 26. Be2 Rac8 $132) 22...
Nc6 {[%csl Re5][%cal Ra8a2]} 23. a4 {[%csl Gb5] Weiß stärkt seine
Läuferstellung auf b5.} (23. a3 Nxe5 $14) 23... Bxe5 (23... Nxe5 24. Be3 {
[%csl Rb6]} (24. O-O {Ftacnik} Ng6 25. Be3 Bxb2 26. Rd7 $16)) 24. Bxe5+ Nxe5 {
Jetzt ist die Stellung materiell gleich, aber die schwache Bauernstruktur
bereitet dem Schwarzen Sorgen.} 25. Rd5 {[%csl Gb5,Gd5][%cal Rd5f5] Ftacnik:
'All five black pawns are weak, white has excellent chances in the endgame.'
Der Läufer b5 verhindert jetzt die Möglichkeit ...Re8.} f6 (25... Rfc8 {Ftacnik
} 26. O-O $16) 26. f4 Ng6 (26... Nc6 $5 27. Kf2 (27. Rxf5 Nd4 $132) (27. Kf2 {
Ftacnik} Rfd8 28. Rhd1 $16)) 27. O-O {[%csl Rf5]} Rad8 (27... Ne7 28. Rd7 $16 {
[%cal Rd7e7,Rd7b7]}) 28. Rxf5 {Ftacnik: 'White has won a pawn without giving
too much in return.'} Rd4 (28... Rd2 29. Rf2 $16) 29. g3 (29. b3 {Ftacnik} Ne7
30. Rh5 Nd5 31. g3 Rc8 $16) 29... Ne7 30. Rh5 Rdd8 (30... Rg8 31. Kg2) (30...
Rc8 {Ftacnik} 31. Re1 Nd5 32. Bd7 Nxf4 33. Rxh7+ Kxh7 34. Bxc8 $18) 31. Rf3 Nd5
32. Kf2 $16 (32. b3 {Ftacnik} Nb4 33. Re3 Rg8 34. Kf2 $16) 32... Nb4 33. Re3
Rd2+ 34. Re2 (34. Kf3 $5 Nc6 (34... Rxb2 35. Re7 {[%csl Ge7,Gh5,Rh7]} Rb3+ 36.
Kg4 Rg8+ 37. Kf5 Rg7 38. Re8+ Rg8 39. Rxg8+ Kxg8 40. Bc4+ $18 {[%cal Rc4b3,
Rc4g8]}) 35. Bxc6 bxc6 36. Re7 $18 {[%csl Rh8]}) 34... Rfd8 35. Rf5 (35. b3 $16
) 35... Kg7 (35... Rxe2+ {Ftacnik} 36. Bxe2 Rd6 37. Rb5 Nc2 38. Rb3 $18) 36. g4
Nc2 (36... Nd3+ 37. Bxd3 R8xd3 38. Rb5 Rxe2+ 39. Kxe2 Rxh3 40. Rxb6 $16) 37. g5
$1 {Weiß nimmt die Königsstellung in Angriff.} fxg5 38. Rxg5+ (38. fxg5 Rxe2+
39. Bxe2 Nd4 $14 (39... Nd4 {Ftacnik} 40. Rf6 Nxe2 41. Kxe2 Rd4 42. Rxb6 Rxa4
43. Rxb7+ Kg6 $16)) 38... Kf6 39. Rge5 Rxe2+ 40. Rxe2 {Hecht: '[#] Abgesehen
vom Minusbauern, der vom König gut blockiert ist, besteht das Hauptproblem von
Schwarz in seiner desolaten Bauernstellung und der Schwierigkeit, für den
Springer einen guten und sicheren Platz zu finden. Ideal wäre es an und für
sich, unter den gegebenen Umständen den Springer gegen den Läufer zu tauschen.
Doch das ermöglicht hier wie auch später wohl nur hinhaltenden, wenn auch
zäheren Widrstand. Auch Turmtausch scheitert in der Regel an der Schwäche des
Bb7.  '} Nb4 (40... Nd4 {Ftacnik} 41. Re5 $18 (41. Re5 {Hecht} Nxb5 42. Rxb5
Rd4 (42... Rd6 43. Ke3 $16 {siehe Anmerkung zum 46.Zug}) 43. Rxb6+ Kf5 44. b3
Rxf4+ 45. Kg3 $18) (41. Rd2 Rd6 42. Ke3 Nf5+ 43. Ke2 Nd4+ 44. Kd1 (44. Kf2 $2
Nxb5) 44... Kf5)) 41. Re5 (41. Kg3) 41... Rd2+ 42. Re2 Rd1 (42... Nd3+ 43. Bxd3
{Sonst kommt 43...Rxe2 nebst 44...Nxf4.} Rxd3 $14 {[%csl Gd3,Gf6] Schgwarz hat
einen Minusbauern, aber die aktive Turmstellung bietet ihm Remischancen.}) 43.
b3 {Schwarz steht aktiv, aber der starke weiße Läufer verteidigt die Stellung
und es ist für Schwarz nicht leicht etwas konkretes zu finden.} Nd5 (43... Kf5
44. Re7 Kxf4 45. Rxh7 $16) 44. Re4 Nc3 45. Re5 Rd4 (45... Nxb5 $6 46. Rxb5 Rd6
47. Kf3 $18 {[%csl Gb5,Rd6,Gf3,Rf6]}) (45... h6 {Ftacnik} 46. Bc4 $18) (45...
Rd2+ {Ftacnik} 46. Kf3 Rd1 47. Bc4 $18) 46. Ke3 Rb4 {'?' Hecht.} (46... Rd5 {
Hecht} 47. Rxd5 Nxd5+ 48. Ke4 Ne7 49. Bd7 $18 {[%csl Rb7]}) (46... Nxb5 {Hecht}
47. Rxb5 Rd6 48. Ke4 Re6+ 49. Re5 Rd6 50. Rd5 Re6+ 51. Kd4 $16 {[%csl Rb7]
[%cal Rd5d7]}) (46... Rd1 {Hecht} 47. Bc4 Rd6 (47... Re1+ 48. Kd4 $18 {[%csl
Rc3]}) 48. Rh5 Kg6 (48... Kg7 49. Rf5 Rd7 50. Re5 $18) 49. Rg5+ Kf6 50. Rg8 {
[%cal Rg8f8,Rf8f7]} Rd7 51. Re8 {[%cal Re8e6]} Rd6 52. Rf8+ $18) 47. Bc4 $1 {
[%csl Rb4] Weiß gibt zeitweilig den Bauern zurück, aber der b4-Turm bleibt
eingeschlossen. Hecht: '[#] Klaustrophobie! Der Turm kommt nicht mehr lebend
heraus. Vielleicht war Shirov ein Ende mit Schrecken lieber als ein Schrecken
ohne Ende.'} Nxa4 48. Re6+ Kg7 (48... Kf5 49. Re4 {[%cal Ge4a4]} Nc5 50. Be6+
$18 {[%cal Re4b4]} (50. Be6+ {Ftacnik} Nxe6 51. Rxb4 $18)) (48... Kf7 {Ftacnik}
49. Rxb6+ Rxc4 50. Rxb7+ Kg6 51. bxc4 $18) 49. Kd4 Nc5 (49... b5 50. Re7+ Kg6
51. Rxb7 {[%cal Rb7b5] Die Fesselung ist tödlich für Schwarz.} (51. Rxb7 {
Ftacnik} Kf5 52. Rxb5+ Rxb5 53. Bxb5 {'+-' Hecht. Hecht: '[#] Warum soll es
dem Rappen anders gehen als dem Turm -  man begutachte einen oben wie unten
verlorenen Springer:'} Nb6 (53... Nb2 54. Be2 Kxf4 55. Kc3) 54. Kc5 Na8 (54...
Nc8 55. Bd7+) 55. Bc6 (55. Kc6 {[%cal Rc6b7] Hecht}) 55... Nc7 56. Kb6 $18))
50. Re7+ $18 Kf6 (50... Kf8 {Ftacnik} 51. Rxh7 (51. Rf7+ {Hecht} Ke8 52. Rxh7
$18 {[%cal Rd4c3]}) 51... Nxb3+ 52. Kc3 $18) 51. Rf7+ Kg6 52. f5+ {'!' Ftacnik.
} (52. Kc3 $4 Rxc4+ $19) 52... Kg5 53. Kc3 {[%csl Rb4] Schwarz verliert den
Turm und gab auf.} (53. Kc3 {Ftacnik} Na6 54. Bxa6 Rh4 55. Bd3 $18) 1-0

[Event "RSFSR-ch"]
[Site "Kuibyshev"]
[Date "1990.??.??"]
[Round "?"]
[White "Sorokin, Maxim"]
[Black "Semeniuk, Alexander A"]
[Result "1-0"]
[WhiteElo "2480"]
[BlackElo "2340"]
[Annotator "Ribli,Z"]
[PlyCount "83"]
[EventDate "1990.??.??"]
[EventType "tourn"]
[EventRounds "15"]
[EventCountry "URS"]
[EventCategory "6"]
[SourceTitle "CBM 021"]
[Source "ChessBase"]
[SourceDate "1991.04.01"]
[SourceVersion "1"]
[SourceVersionDate "1991.04.01"]
[SourceQuality "1"]

1. Nf3 Nf6 2. c4 g6 3. Nc3 d5 4. Qa4+ Bd7 5. Qb3 dxc4 (5... Bc6 6. cxd5 Bxd5 7.
Nxd5 Qxd5 8. Qxd5 Nxd5 9. g3 Nb4 10. Kd1 Bg7 11. Bg2 $14 {Andonov,B-Lin Weiguo
Frunze 1989 CBM/15}) 6. Qxc4 Bg7 7. Ne5 $5 (7. g3 O-O 8. Bg2 Ne8 $1 9. d4 Nd6
10. Qb3 Na6 11. O-O c5 12. Rd1 Rc8 $13 {Gavrikov-Ceskovski URS-ch 1986 41/13})
7... O-O 8. Nxd7 Nfxd7 9. g3 Nc6 10. Bg2 Nd4 11. Qa4 Nc5 12. Qd1 a5 13. O-O e5
14. b3 Re8 15. Ba3 Nde6 16. Rc1 c6 17. Qc2 Qd7 18. Rfd1 Rad8 19. d3 Na6 20. Bb2
f5 21. Na4 Nb4 22. Qb1 Nd4 23. Nc3 Qf7 24. e3 Ne6 25. a3 Na6 26. Na4 Qc7 27.
Qc2 Rd7 28. Bc3 Bf8 29. Qa2 Rf7 30. d4 exd4 31. exd4 f4 32. d5 Ng5 33. dxc6 b5
34. Rd7 $1 Rxd7 35. cxd7 Qxd7 36. b4+ Nf7 37. Nb6 Qe6 38. Bd5 Qf5 39. Kh1 Nc7
$2 40. g4 $1 Nxd5 41. gxf5 Nxb6 42. fxg6 1-0

[Event "Bled/Rogaska Slatina"]
[Site "Bled"]
[Date "1991.??.??"]
[Round "3"]
[White "Mohr, Georg"]
[Black "Kozul, Zdenko"]
[Result "1/2-1/2"]
[WhiteElo "2465"]
[BlackElo "2580"]
[Annotator "Ribli,Z"]
[PlyCount "70"]
[EventDate "1991.06.??"]
[EventType "tourn"]
[EventRounds "13"]
[EventCountry "SLO"]
[EventCategory "12"]
[SourceTitle "CBM 024"]
[Source "ChessBase"]
[SourceDate "1991.10.01"]
[SourceVersion "1"]
[SourceVersionDate "1991.10.01"]
[SourceQuality "1"]

1. c4 Nf6 2. Nf3 g6 3. Nc3 d5 4. cxd5 Nxd5 5. Qa4+ c6 $6 6. Nxd5 $1 (6. Qd4 f6
7. e4 e5 $1 8. Nxe5 Nxc3 9. Qxc3 Qe7 10. Nf3 Qxe4+ 11. Be2 Nd7 12. O-O Bb4 $13
{Kohlweyer,B-Kozul,Z Frankfurt 1990 CBM/20}) 6... Qxd5 7. e4 Qd8 8. d4 Bg7 9.
Be2 O-O 10. O-O Bg4 11. Be3 Nd7 12. Rfd1 Nb6 13. Qb4 (13. Qb3 $1 Qd6 14. a4 $14
{Hauchard,A-Lutz,C Wildbad 1990 EXP/20}) 13... Qd6 14. Qb3 Kh8 15. a4 f5 16. d5
cxd5 17. exd5 Nd7 18. h3 Bxf3 19. Bxf3 b6 20. Rac1 Nc5 21. Qc4 (21. Qc2 $5)
21... Bxb2 22. Rc2 Be5 23. Bxc5 bxc5 24. Qxc5 Qf6 25. Qe3 Bd6 26. a5 Rfb8 27.
a6 Rb6 28. Rc6 Rb2 29. Rdc1 Kg7 30. Rf1 Ra2 31. Rd1 Ra3 32. Qxa3 Bxa3 33. Rxf6
Kxf6 34. d6 Rd8 35. dxe7 Rxd1+ 1/2-1/2

[Event "URS-chT Republics 19th final A"]
[Site "Azov"]
[Date "1991.??.??"]
[Round "2"]
[White "Lerner, Konstantin Z"]
[Black "Yandemirov, Valeri"]
[Result "1/2-1/2"]
[WhiteElo "2540"]
[BlackElo "2420"]
[Annotator "Ribli,Z"]
[PlyCount "51"]
[EventDate "1991.??.??"]
[EventType "team-tourn"]
[EventRounds "3"]
[EventCountry "URS"]
[SourceTitle "EXT 2020"]
[Source "ChessBase"]
[SourceDate "2019.10.17"]
[SourceVersion "1"]
[SourceVersionDate "2019.10.17"]
[SourceQuality "1"]
[WhiteTeam "Ukraine"]
[BlackTeam "Russia"]
[WhiteTeamCountry "UKR"]
[BlackTeamCountry "RUS"]

1. Nf3 Nf6 2. c4 g6 3. Nc3 d5 4. cxd5 Nxd5 5. e4 Nxc3 6. dxc3 Qxd1+ 7. Kxd1 Nd7
$5 8. Bf4 c6 9. a4 (9. Kc2 f6 10. Nd2 e5 11. Be3 Bc5 $10 {Böök-Najdorf
Saltsjöbaden izt 1948}) 9... a5 10. Bc4 f6 11. Ke2 e5 12. Be3 Bc5 13. Nd2 Bxe3
14. Kxe3 Nc5 15. h4 Ke7 16. Nb3 Nxb3 17. Bxb3 Be6 18. Bxe6 Kxe6 19. g3 Rad8 20.
Rad1 h5 21. f4 f5 22. fxe5 Kxe5 23. exf5 Kxf5 24. Kf3 Rhe8 25. Rhf1 g5 26. Kg2+
1/2-1/2

[Event "Altensteig"]
[Site "Altensteig"]
[Date "1991.??.??"]
[Round "4"]
[White "Schlosser, Philipp"]
[Black "Smejkal, Jan"]
[Result "1-0"]
[WhiteElo "2485"]
[BlackElo "2555"]
[Annotator "Ribli,Z"]
[PlyCount "81"]
[EventDate "1991.07.??"]
[EventType "tourn"]
[EventRounds "11"]
[EventCountry "GER"]
[EventCategory "11"]
[SourceTitle "CBM 025"]
[Source "ChessBase"]
[SourceDate "1991.12.01"]
[SourceVersion "1"]
[SourceVersionDate "1991.12.01"]
[SourceQuality "1"]

1. Nf3 Nf6 2. c4 g6 3. Nc3 d5 4. cxd5 Nxd5 5. e4 Nxc3 6. dxc3 Qxd1+ 7. Kxd1 f6
(7... Nc6 $6 8. Be3 e5 9. Bc4 f6 10. Kc2 Nd8 11. a4 Nf7 12. Nd2 Nd6 13. Bd5 c6
14. Bb3 Ke7 15. f4 Nxe4 16. Nxe4 Bf5 17. Kd3 Rd8+ 18. Ke2 Bxe4 19. fxe5 $14 {
Timman,J-Kozul,Z Belgrade 1989 CBM/16 48/(8)}) 8. Be3 e5 9. Nd2 Be6 10. Bc4
Bxc4 (10... Kf7 11. Kc2 h5 12. Rhd1 Bh6 13. Bxh6 Rxh6 14. a4 a5 15. Bxe6+ Kxe6
16. Nb3 Nd7 17. Rd5 b6 18. Rad1 Rh7 19. c4 Rc8 20. c5 $16 {Cehov-Jasnikowski
Bydgoszcz 1990 50/10}) 11. Nxc4 Nd7 12. b4 h5 (12... Nb6 13. Na5 O-O-O+ 14. Kc2
Be7 15. a3 f5 $2 16. Bxb6 $1 axb6 17. Nc4 Bf6 18. a4 Bg7 19. Rhe1 $16 {
Andersson-Franco Buenos Aires 1979 29/25}) 13. Kc2 Bh6 14. Bxh6 Rxh6 15. Rhd1
O-O-O 16. a4 Nf8 17. Rxd8+ Kxd8 18. Rd1+ Kc8 19. g3 Ne6 20. Kd3 Rh7 21. Ke3 h4
(21... Rd7 $5) 22. a5 b5 23. axb6 axb6 24. Nd2 hxg3 25. hxg3 Kd7 26. Nf3+ Kc6
27. Nh4 $1 g5 28. Nf5 Kb5 29. Ke2 g4 30. Ne3 $1 Rg7 31. Ra1 Ng5 32. Kd3 $1 $16
Rd7+ 33. Nd5 Kc6 34. c4 Kb7 35. Ke3 Rf7 36. b5 f5 37. exf5 Rxf5 38. Ke2 Ne4 39.
Rf1 Rf3 40. Ne3 Nf6 41. Nxg4 1-0

[Event "Beersheba"]
[Site "Beersheba"]
[Date "1996.??.??"]
[Round "11"]
[White "Tunik, Gennady"]
[Black "Tseitlin, Mark D"]
[Result "1/2-1/2"]
[WhiteElo "2475"]
[BlackElo "2545"]
[Annotator "Ribli,Z"]
[PlyCount "139"]
[EventDate "1996.03.??"]
[EventType "tourn"]
[EventRounds "11"]
[EventCountry "ISR"]
[EventCategory "10"]
[SourceTitle "CBM 053"]
[Source "ChessBase"]
[SourceDate "1996.08.01"]
[SourceVersion "1"]
[SourceVersionDate "1996.08.01"]
[SourceQuality "1"]

1. Nf3 Nf6 2. c4 g6 3. Nc3 d5 4. cxd5 Nxd5 5. Qa4+ Bd7 6. Qh4 Nxc3 7. bxc3 {
Der Anziehende will mit dieser seltenen Fortsetzung seinen Gegner ueberraschen.
} (7. dxc3 Nc6 8. e4 e5 9. Bg5 Be7 10. Bc4 h6 11. Bxe7 Qxe7 $10 {Kramnik,
V-Yudasin,L/Wijk cm/1994/CBM39/INF59,17/}) (7. Qd4 f6 8. Qxc3 Nc6 $5 (8... e5
9. Nxe5 (9. e4 Nc6 10. a3 a5 11. Bc4 Bc5 12. d3 Bd4 13. Nxd4 Nxd4 14. Be3 c5
15. Bxd4 cxd4 16. Qd2 $36 {Kortschnoj,V-Ivanchuk,V/Moscow PCA-Intel GP 25'/
1995/}) 9... fxe5 10. Qxe5+ Qe7 11. Qxh8 Nc6 12. Qc3 O-O-O 13. e3 Bg7 $44 {
Belov,I-Novik,M/Rostov/1993/CBM36/INF58,15/}) 9. e3 e5 10. a3 Bd6 11. d3 Qe7
$13 {Pliester,L-Wemmers,X/NLD-chT/1995/}) 7... Nc6 $146 (7... c5 8. Rb1 Qc7 9.
Qg3 Qxg3 10. hxg3 b6 11. e4 Bc6 12. Ne5 Ba4 13. Bc4 e6 14. Bb3 Bxb3 15. Rxb3
Nd7 16. Nc4 Rb8 17. a4 a6 18. Ke2 b5 $132 {Milos,G-Fernandez Garcia,J/Buenos
Aires/1990/EXP20/INF49,(15)/}) 8. e4 (8. d4 $5 {/\ e4 oder Bh6 auch d5}) 8...
e5 9. Qxd8+ Rxd8 10. Rb1 b6 $8 11. d4 (11. Bb5) 11... Bg7 (11... exd4 12. cxd4
Bb4+ 13. Bd2 Bxd2+ 14. Kxd2 O-O 15. Rc1 $36 {>< c7}) 12. Bg5 $1 {Mit diesem
starken Zug will der Anziehende den schwarzen Druck gegen den d4-Bauern
entschaerfen.} Rb8 13. Rd1 exd4 14. cxd4 O-O 15. Be2 Rbe8 $1 16. e5 $8 f6 17.
exf6 Bxf6 18. Be3 Nb4 {[#] Schwarz hat die Eroeffnung zufriedenstellend
geloest, die Chancen sind etwa gleich.} 19. O-O $1 $8 Be6 (19... Nxa2 $4 20.
Bc4+ Be6 21. d5 $18) (19... Nc2 20. Bc4+ Kg7 21. Bf4 Bg4 22. Rd2 Bxf3 23. Rxc2
Bxd4 24. Bxc7 Bg4 $10) 20. a4 Nd5 21. Rc1 Bf7 22. Bb5 Re4 (22... Nxe3 23. Bxe8
(23. fxe3 Rxe3 24. Rxc7 $13) 23... Nxf1 24. Bxf7+ Rxf7 25. Kxf1 Rd7 $10) 23.
Bh6 $1 Rd8 24. Rfd1 Be8 25. g3 a5 {Schrwarz hofft, dass er gegen den d4-Bauern
seinen Druck versterken kann, aber ...} 26. Bd3 Re7 27. Bc2 Nb4 28. Bb3+ Bf7
29. Bxf7+ Kxf7 30. Bf4 $1 Nd5 31. Be5 $1 Red7 32. Rc6 $1 {[#] Der d4-Bauer ist
nicht mehr so schwach, aber Weiss hat einen Riesenlaeufer auf e5 und er
uebernimmt jetzt die Initiative. /\ Bxf6, Ne5} Kg7 33. Ng5 $1 {>< e6 ,c7} Rc8
34. f4 $2 {Man fühlt, daß etwas in der Luft liegt. Weiß könnte jetzt mit einer
hübschen Kombination die Partie sofort entscheiden.} (34. Rxf6 $1 {[#]} Nxf6
35. Ne4 Rf8 36. Rc1 Re7 37. Nxf6 Rxf6 38. Rc6 $1 Rxe5 39. Rxc7+ $1 {
Höchstwahrscheinlich hat der Anziehende diesen netten Zwischenzug nicht
gesehen.} Rf7 (39... Kh6 40. dxe5 $18) (39... Re7 $1 $16) 40. Rxf7+ Kxf7 41.
dxe5 {Das Bauernendspiel ist für Schwarz verloren.} Ke6 42. f4 b5 (42... Kd7
43. Kf2 b5 44. axb5 a4 45. b6 a3 46. b7 Kc7 47. e6 a2 48. e7 a1=Q 49. e8=Q $18)
43. axb5 a4 44. b6 a3 45. b7 a2 46. b8=Q a1=Q+ 47. Kg2 Qa2+ 48. Kh3 $18) 34...
Re7 35. Rdc1 Bxe5 36. dxe5 Rce8 37. h4 h6 38. Nf3 Re6 39. Kf2 Rxc6 40. Rxc6 Re7
41. h5 $1 {Ein sehr logisches Bauersopfer: 1. Jetzt hat Weiß zwei gefährliche
Freibauern auf der e und f Linie. 2. Beide schwarzen Doppelbauern auf der h
Linie sind schwach . 3.Die weißen Figuren sind sehr aktiv .} gxh5 42. Nh4 Rf7
43. Kf3 Nb4 44. Rg6+ $6 (44. Re6 $1 $18 {Droht /\ f5 oder Ke4,Nf5}) 44... Kh7
45. e6 Rf8 46. e7 Re8 47. Re6 Kg8 48. Nf5 {Natuerlich sieht diese Stellung
auch hoffnungslos fuer den Nachziehenden aus.} h4 $5 {Schwarz versucht, im
Trueben zu fischen.} (48... Nd5 49. Ke4 c6 50. Ke5 $18) 49. Nxh6+ Kg7 50. gxh4
Nd5 51. Nf5+ (51. f5 $5 Nf6 (51... Rxe7 52. f6+ $18) (51... Nxe7 52. f6+ Kxh6
53. f7+ $18) 52. Ng4 Nxg4 53. Kxg4 Kf7 54. h5 Rxe7 55. Rxe7+ Kxe7 56. Kg5 b5
57. h6 Kf7 58. f6 Kg8 59. Kg6 $18) 51... Kf7 52. Rc6 Rh8 (52... Nxe7 $2 53.
Rxc7 $18) 53. Ke4 Nf6+ 54. Ke5 Ne8 55. Rc1 Rh5 {/\ Ng7} 56. Rg1 b5 $1 (56...
Nd6 $4 57. Rg7+ Ke8 58. Ke6 $18) 57. axb5 a4 58. Ke4 $2 (58. Rg3 $1 a3 $8 59.
Rxa3 Ng7 60. e8=Q+ $1 Kxe8 61. Kf6 $1 Nxf5 (61... Rxf5+ 62. Kxg7 $16) 62. Kg6
Rxh4 63. Kxf5 $16) 58... Nf6+ 59. Ke5 Nd7+ 60. Ke4 Nc5+ 61. Ke5 Nd7+ 62. Ke4
Nf6+ 63. Ke5 Ne8 64. Ke4 a3 65. Ra1 Nf6+ 66. Ke5 Nd7+ 67. Ke4 Nc5+ 68. Ke5 Nd7+
69. Ke4 Nf6+ 70. Ke5 {Weiss hat den Sieg mehrmals verspielt. Ribli} 1/2-1/2